Televisión y control remoto

Bibliographic Details
Format: Dispositivo electronico
Language:Spanish

MARC

LEADER 00000ngm a22000007a 4500
003 UAHC
005 20241030172538.0
008 241030n ||||||| |||| 00| bzspa d
040 |a UAHC  |c UAHC 
245 |a Televisión y control remoto 
900 |a CONTROL REMOTO 
942 |2 ddc  |c DELEC 
952 |0 0  |1 0  |2 ddc  |4 0  |6 CONTROL_REMOTO  |7 0  |8 COMP  |9 100260  |a BS  |b BS  |c Referencia  |d 2024-10-30  |e Compra  |g 10000.00  |l 0  |o CONTROL REMOTO   |p 6298  |r 2024-10-30 17:26:29  |t 1  |w 2024-10-30  |y DELEC 
952 |0 0  |1 0  |2 ddc  |4 0  |6 CONTROL_REMOTO_SALA_GRUPAL_ALAMEDA  |7 0  |8 COMP  |9 100261  |a BR  |b BR  |c Referencia  |d 2024-10-30  |e Compra  |g 10000.00  |l 30  |o CONTROL REMOTO SALA GRUPAL ALAMEDA   |p 6299  |r 2026-04-15 09:19:48  |s 2026-04-13  |t 2  |w 2024-10-30  |y DELEC 
952 |0 0  |1 0  |4 0  |6 CONTROL_REMOTO  |7 0  |8 COMP  |9 100262  |a BS  |b BS  |c Referencia  |d 2024-10-30  |e Compra  |g 10000.00  |l 0  |o CONTROL REMOTO  |p 6300  |r 2024-10-30 17:26:29  |t 3  |w 2024-10-30  |y DELEC 
952 |0 0  |1 0  |4 0  |6 CONTROL_REMOTO  |7 0  |8 COMP  |9 100581  |a BC  |b BC  |c Reserva  |d 2025-03-19  |e Compra  |g 11990.00  |l 141  |o CONTROL REMOTO  |p 1445083  |r 2026-04-29 13:09:19  |s 2026-04-29  |t 1  |w 2025-03-19  |y DELEC 
952 |0 0  |1 0  |4 0  |6 CONTROL_REMOTO  |7 0  |8 COMP  |9 100582  |a BC  |b BC  |c Reserva  |d 2025-03-19  |e Compra  |g 11990.00  |l 122  |o CONTROL REMOTO  |p 1445084  |r 2026-05-04 21:27:05  |s 2026-05-04  |t 2  |w 2025-03-19  |y DELEC 
952 |0 0  |1 0  |4 0  |6 CONTROL_REMOTO  |7 0  |8 COMP  |9 100583  |a BC  |b BC  |c Reserva  |d 2025-03-19  |e Compra  |g 11990.00  |l 119  |o CONTROL REMOTO  |p 1445085  |r 2026-04-29 14:14:25  |s 2026-04-29  |t 3  |w 2025-03-19  |y DELEC 
952 |0 0  |1 0  |4 0  |6 CONTROL_REMOTO  |7 0  |8 COMP  |9 100584  |a BC  |b BC  |c Reserva  |d 2025-03-19  |e Compra  |g 11990.00  |l 150  |o CONTROL REMOTO  |p 1445086  |r 2026-04-30 13:21:58  |s 2026-04-30  |t 4  |w 2025-03-19  |y DELEC 
952 |0 0  |1 0  |4 0  |6 CABLE_HDMI  |7 0  |8 COMP  |9 100585  |a BC  |b BC  |c Reserva  |d 2025-03-19  |e Compra  |g 3000.00  |l 40  |o CABLE HDMI  |p 1445079  |q 2026-03-11  |r 2026-03-11 10:32:56  |s 2026-03-11  |t 1  |w 2025-03-19  |y DELEC 
952 |0 0  |1 0  |4 0  |6 CABLE_HDMI  |7 0  |8 COMP  |9 100586  |a BC  |b BC  |c Reserva  |d 2025-03-19  |e Compra  |g 3000.00  |l 7  |o CABLE HDMI  |p 1445080  |r 2026-01-19 00:00:00  |s 2025-11-17  |t 2  |w 2025-03-19  |y DELEC 
952 |0 0  |1 0  |4 0  |6 CABLE_HDMI  |7 0  |8 COMP  |9 100587  |a BC  |b BC  |c Reserva  |d 2025-03-19  |e Compra  |g 3000.00  |l 83  |o CABLE HDMI  |p 1445081  |r 2026-04-29 14:14:34  |s 2026-04-29  |t 3  |w 2025-03-19  |y DELEC 
952 |0 0  |1 0  |4 0  |6 CABLE_HDMI  |7 0  |8 COMP  |9 100588  |a BC  |b BC  |c Reserva  |d 2025-03-19  |e Compra  |g 3000.00  |l 11  |o CABLE HDMI  |p 1445082  |r 2026-04-09 11:07:34  |s 2026-04-09  |t 4  |w 2025-03-19  |y DELEC 
952 |0 0  |1 0  |2 ddc  |4 0  |6 CONTROL_REMOTO_AIRE_ACONDICIONADO  |7 0  |8 COMP  |9 101996  |a BR  |b BR  |c Referencia  |d 2026-04-15  |l 16  |m 1  |o CONTROL REMOTO AIRE ACONDICIONADO  |p 4983  |r 2026-05-04 21:01:18  |s 2026-05-04  |t 1  |w 2026-04-15  |y DELEC 
999 |c 62215  |d 62215